ऊँ हर श्री नाथ जी: (Record no. 38747)

MARC details
000 -LEADER
fixed length control field 01270nam a22002417a 4500
005 - DATE AND TIME OF LATEST TRANSACTION
control field 2010080202272.0
010 ## - LCCN (DPL NO)
LC control number HIN-89947
020 ## - INTERNATIONAL STANDARD BOOK NUMBER
Terms of availability 80.00
035 ## - SYSTEM CONTROL NUMBER
System control number HN-62293
037 ## - SOURCE OF ACQUISITION
Source of stock number/acquisition DBAD/PUB
082 ## - DEWEY DECIMAL CLASSIFICATION NUMBER
Classification number 821
100 ## - MAIN ENTRY--PERSONAL NAME
Personal name सेठी, अचरज राम
245 ## - TITLE STATEMENT
Title ऊँ हर श्री नाथ जी:
Statement of responsibility, etc अचरज राम सेठी;सूरज प्रकाश सेठी 'अम्बर' द्वारा संकलित
Remainder of title अचरज भजनावली /
246 ## - VARYING FORM OF TITLE
Title proper/short title Om Har Shri Nath Ji
Remainder of title by Achraj Ram Sethi
260 ## - PUBLICATION, DISTRIBUTION, ETC. (IMPRINT)
Place of publication, distribution, etc नई दिल्ली (भारत)
Name of publisher, distributor, etc आर्य पब्लिशिंग हाउस
Date of publication, distribution, etc 2006
270 ## - ADDRESS
Address 1569/30, नाईवाला करोल बाग
City नई दिल्ली (भारत)
Postal code 110005
Telephone number 011-25862745, 25822604
Fax number 011-25716921
300 ## - PHYSICAL DESCRIPTION
Extent 155पृ.
Dimensions 22सेमी.(अजिल्द)
650 ## - SUBJECT ADDED ENTRY--TOPICAL TERM
Topical term following geographic name as entry element हिन्दी कविता
650 ## - SUBJECT ADDED ENTRY--TOPICAL TERM
Topical term following geographic name as entry element Hindi Poetry
700 ## - ADDED ENTRY--PERSONAL NAME
9 (RLIN) 3937
Personal name सेठी, सूरज प्रकाश 'अम्बर
942 ## - ADDED ENTRY ELEMENTS (KOHA)
Source of classification or shelving scheme Dewey Decimal Classification
Item type Hindi Books
Classification part 821
Call number suffix सेठीअ
Holdings
Withdrawn status Lost status Not for loan Collection code Home library Current library Date acquired Source of acquisition Cost, normal purchase price Full call number Barcode Copy number Cost, replacement price Koha item type
    Not For Loan Non-fiction D.B.Act.Division D.B.Act.Division 02/08/2010 DBAD / PUB 80.00 821 सेठीअ HN-62293 1 80.00 Hindi Books

© Delhi Public Library
Hit Counter
free hit counter